[Event "Rated Blitz game"]
[Site "?"]
[Date "2021.10.21"]
[Round "?"]
[White "silvijekutle"]
[Black "Dzon_Vejn"]
[Result "0-1"]
[WhiteElo "2324"]
[BlackElo "2519"]
[PlyCount "134"]
[EventDate "2021.??.??"]
[EventType "blitz"]

1. e4 e5 2. Nf3 d5 3. exd5 e4 4. Qe2 Nf6 5. d3 Qxd5 6. Nc3 Bb4 7. dxe4 Qxe4 8.
Be3 O-O 9. Qd3 Nc6 10. Ng5 Qxd3 11. Bxd3 Ne5 12. O-O Nxd3 13. cxd3 Bd7 14. Rac1
Bc6 15. Nge4 Ng4 16. Bc5 Bxc5 17. Nxc5 Rad8 18. h3 Ne5 19. Rcd1 b6 20. d4 Nc4
21. N5a4 Rd7 22. b3 Nd6 23. d5 Bb7 24. Nb2 Rfd8 25. Rd2 Ba6 26. Rfd1 f6 27. f3
Kf7 28. a4 Bb7 29. Nc4 Nf5 30. g4 Nh4 31. Kf2 Ng6 32. a5 Nf4 33. Kg3 Nxd5 34.
axb6 axb6 35. Nb5 c6 36. Nbd6+ Rxd6 37. Nxd6+ Rxd6 38. Rd4 Ke7 39. Re1+ Kd7 40.
b4 Ne7 41. Rde4 Nd5 42. Re8 Bc8 43. Rg8 Kc7 44. Rxg7+ Rd7 45. Rg8 Ba6 46. Ra1
Bb5 47. Ra7+ Kd6 48. Rxd7+ Kxd7 49. Rg7+ Kd6 50. Rxh7 Nxb4 51. h4 Nd5 52. h5
Bd3 53. Ra7 b5 54. h6 b4 55. h7 Bxh7 56. Rxh7 b3 57. Rb7 Kc5 58. Rxb3 Kc4 59.
Rb1 c5 60. Rc1+ Nc3 61. f4 Kd4 62. g5 fxg5 63. Rxc3 Kxc3 64. fxg5 Kd4 65. g6 c4
66. g7 c3 67. g8=Q Kd3 {Time forfeit} 0-1

[Event "Rated Blitz game"]
[Site "?"]
[Date "2021.10.21"]
[Round "?"]
[White "superguti"]
[Black "RCompany_1"]
[Result "1-0"]
[WhiteElo "2476"]
[BlackElo "2425"]
[PlyCount "61"]
[EventDate "2021.??.??"]
[EventType "blitz"]

1. e4 e5 2. Nf3 d5 3. Nc3 d4 4. Ne2 f6 5. Ng3 c5 6. Bc4 Nc6 7. d3 Na5 8. Bb5+
Bd7 9. Bxd7+ Qxd7 10. O-O h5 11. h4 Ne7 12. c3 O-O-O 13. b4 Nac6 14. b5 Na5 15.
cxd4 cxd4 16. a4 Kb8 17. Bd2 Qc7 18. Rc1 Qb6 19. Qc2 Rc8 20. Qb2 Rxc1 21. Rxc1
Nc8 22. Nf5 g6 23. Qc2 Ba3 24. Ra1 gxf5 25. Rxa3 Nd6 26. exf5 Rc8 27. Qd1 Nxf5
28. Ra1 Nd6 29. Rb1 f5 30. Nxe5 Qc5 31. Nd7+ {Normal} 1-0

[Event "Rated Blitz game"]
[Site "?"]
[Date "2021.10.21"]
[Round "?"]
[White "jr1990"]
[Black "RCompany_1"]
[Result "1-0"]
[WhiteElo "2448"]
[BlackElo "2439"]
[PlyCount "49"]
[EventDate "2021.??.??"]
[EventType "blitz"]

1. e4 e5 2. Nf3 d5 3. exd5 e4 4. Ng1 Qxd5 5. d3 Nf6 6. Nc3 Bb4 7. Bd2 Qe5 8.
Qe2 Bg4 9. f3 Nc6 10. fxg4 Nd4 11. Nf3 Nxf3+ 12. gxf3 O-O-O 13. Nxe4 Qxb2 14.
Rd1 Nd5 15. Bh3 Nf4 16. Qf1 Bxd2+ 17. Rxd2 Rhe8 18. Kf2 Kb8 19. c3 Qb6+ 20. Kg3
Qh6 21. g5 Nh5+ 22. Kf2 Qb6+ 23. d4 f5 24. Bxf5 Rf8 25. Bg4 {Time forfeit} 1-0

[Event "Rated Blitz game"]
[Site "?"]
[Date "2021.10.21"]
[Round "?"]
[White "Pericuri"]
[Black "Slimslik02"]
[Result "0-1"]
[WhiteElo "2419"]
[BlackElo "2389"]
[PlyCount "96"]
[EventDate "2021.??.??"]
[EventType "blitz"]

1. e4 e5 2. Nf3 d5 3. exd5 e4 4. Qe2 Nf6 5. d3 Bf5 6. Nbd2 Qe7 7. dxe4 Nxe4 8.
Nxe4 Bxe4 9. c4 Nd7 10. Be3 Qb4+ 11. Bd2 Qe7 12. O-O-O O-O-O 13. Ng5 Bg6 14.
Qxe7 Bxe7 15. Be2 Kb8 16. h4 h6 17. Nf3 Bf6 18. Bb4 Rhe8 19. Bd3 Bh5 20. Bf5
Re2 21. Rd2 Bxf3 22. gxf3 Rxd2 23. Kxd2 Bxb2 24. Be7 Re8 25. Bxd7 Rxe7 26. Re1
Bc3+ 27. Kxc3 Rxe1 28. Be8 f6 29. Bg6 Re2 30. c5 Rxf2 31. d6 cxd6 32. cxd6 Kc8
33. Bf5+ Kd8 34. Be4 b6 35. a4 g5 36. hxg5 fxg5 37. Kd4 Kd7 38. Ke5 Re2 39. Kd5
Rd2+ 40. Ke5 Rxd6 41. Bf5+ Kc7 42. Be4 Rd1 43. Kf5 Rd4 44. Kg6 Rd6+ 45. Kh5 a6
46. Kg4 b5 47. axb5 axb5 48. Kh5 Kb6 {Normal} 0-1

[Event "Rated Blitz game"]
[Site "?"]
[Date "2021.10.21"]
[Round "?"]
[White "actionbee"]
[Black "Larenim"]
[Result "1-0"]
[WhiteElo "2451"]
[BlackElo "2310"]
[PlyCount "53"]
[EventDate "2021.??.??"]
[EventType "blitz"]

1. e4 e5 2. Nf3 d5 3. d4 dxe4 4. Nxe5 Bd6 5. Bc4 Bxe5 6. Qh5 Qe7 7. dxe5 Nc6 8.
Bf4 Be6 9. Bxe6 Qxe6 10. Nc3 O-O-O 11. O-O Nd4 12. Rae1 g6 13. Qh4 Ne7 14. Rxe4
Nef5 15. Qf6 Nxc2 16. Rc1 Ncd4 17. g4 Nf3+ 18. Kh1 N5d4 19. Bg3 Nd2 20. Rxd4
Rxd4 21. Qxh8+ Rd8 22. Qf6 Qc4 23. e6 fxe6 24. Ne2 Qe4+ 25. f3 Nxf3 26. Rxc7+
Kb8 27. Qxd8# {Normal} 1-0

[Event "Rated Blitz game"]
[Site "?"]
[Date "2021.10.21"]
[Round "?"]
[White "ninfabb"]
[Black "khalid_ontawar"]
[Result "1-0"]
[WhiteElo "2455"]
[BlackElo "2480"]
[PlyCount "79"]
[EventDate "2021.??.??"]
[EventType "blitz"]

1. e4 e5 2. Nf3 d5 3. d4 dxe4 4. Nxe5 Be6 5. c4 Nf6 6. d5 Bf5 7. g4 Bg6 8. g5
Nfd7 9. Nxg6 hxg6 10. Nc3 f5 11. gxf6 Nxf6 12. Bg2 Bc5 13. Bg5 O-O 14. O-O e3
15. Bxe3 Bxe3 16. fxe3 Qe7 17. Qd4 Nbd7 18. e4 b6 19. Rae1 Ne5 20. Bh3 Nh5 21.
Be6+ Kh7 22. Qxe5 Qh4 23. Bf7 Rxf7 24. Rxf7 Qxe1+ 25. Kg2 Qd2+ 26. Rf2 Qd3 27.
b3 a5 28. Nb5 g5 29. Nxc7 Nf4+ 30. Rxf4 gxf4 31. Qxf4 Qe2+ 32. Kh3 Rh8 33. Qf7
Qe3+ 34. Kg2 Qxe4+ 35. Kg3 Qe1+ 36. Kg2 Qd2+ 37. Kg3 Qg5+ 38. Kh3 Qe3+ 39. Kh4
Kh6 40. Qh5# {Normal} 1-0

[Event "Rated Blitz game"]
[Site "?"]
[Date "2021.10.21"]
[Round "?"]
[White "vascodiogo17"]
[Black "batasjon"]
[Result "1-0"]
[WhiteElo "2534"]
[BlackElo "2462"]
[PlyCount "53"]
[EventDate "2021.??.??"]
[EventType "blitz"]

1. e4 e5 2. Nf3 d5 3. d3 dxe4 4. dxe4 Qxd1+ 5. Kxd1 Nf6 6. Bd3 Nc6 7. Be3 Ng4
8. Ke2 Nxe3 9. fxe3 f6 10. Nbd2 Bd7 11. Rhf1 O-O-O 12. a3 a6 13. b4 Ne7 14. Nb3
Kb8 15. a4 Nc8 16. b5 axb5 17. axb5 b6 18. Ra4 Nd6 19. c4 Bc8 20. Rfa1 Bb7 21.
c5 bxc5 22. Nxc5 Be7 23. Nxb7 Kxb7 24. Ra7+ Kb6 25. R1a6+ Kc5 26. Rxc7+ Kb4 27.
Rxe7 {Normal} 1-0

[Event "Rated Blitz game"]
[Site "?"]
[Date "2021.10.21"]
[Round "?"]
[White "SlickMick"]
[Black "Larenim"]
[Result "1-0"]
[WhiteElo "2425"]
[BlackElo "2314"]
[PlyCount "43"]
[EventDate "2021.??.??"]
[EventType "blitz"]

1. e4 e5 2. Nf3 d5 3. exd5 e4 4. Ne5 Qxd5 5. d4 exd3 6. Nxd3 Bf5 7. Nc3 Qe6+ 8.
Be2 Bxd3 9. Qxd3 Bb4 10. Qb5+ Nc6 11. O-O Bxc3 12. bxc3 O-O-O 13. Bf3 Nge7 14.
Rb1 b6 15. Bg5 f6 16. Rfe1 Qf5 17. Bxc6 Rd5 18. Qa6+ Kd8 19. Bxd5 Nxd5 20. Qxa7
fxg5 21. Qa8+ Qc8 22. Qxd5+ {Normal} 1-0

[Event "Rated Blitz game"]
[Site "?"]
[Date "2021.10.21"]
[Round "?"]
[White "ArnieChipmunk"]
[Black "batasjon"]
[Result "0-1"]
[WhiteElo "2535"]
[BlackElo "2464"]
[PlyCount "42"]
[EventDate "2021.??.??"]
[EventType "blitz"]

1. e4 e5 2. Nf3 d5 3. exd5 e4 4. Qe2 Nf6 5. Nc3 Be7 6. Nxe4 O-O 7. d3 Re8 8.
Be3 Nxd5 9. O-O-O f5 10. Nc3 Nxc3 11. bxc3 f4 12. d4 fxe3 13. fxe3 Be6 14. e4
Ba3+ 15. Kd2 c5 16. Qf2 Nc6 17. d5 Bxd5 18. exd5 Qxd5+ 19. Bd3 c4 20. Rhe1 cxd3
21. cxd3 Qxa2# {Normal} 0-1

[Event "Rated Blitz game"]
[Site "?"]
[Date "2021.10.21"]
[Round "?"]
[White "TimeToBeStrong"]
[Black "GoughPhar"]
[Result "1-0"]
[WhiteElo "2387"]
[BlackElo "2459"]
[PlyCount "85"]
[EventDate "2021.??.??"]
[EventType "blitz"]

1. e4 e5 2. Nf3 d5 3. exd5 e4 4. Ne5 Qxd5 5. d4 exd3 6. Nxd3 Nf6 7. Nc3 Qf5 8.
Be2 Nc6 9. O-O Be6 10. Nf4 Bd6 11. Bd3 Qg4 12. Nxe6 fxe6 13. Qxg4 Nxg4 14. h3
Nge5 15. Be4 O-O 16. Re1 Bc5 17. Be3 Bxe3 18. Rxe3 Nc4 19. Re2 Nd4 20. Ree1 c6
21. b3 Nd6 22. Bd3 Rae8 23. Ne4 Nxe4 24. Rxe4 e5 25. Rae1 g6 26. c3 Nf5 27.
Rxe5 Nd6 28. Rxe8 Rxe8 29. Rxe8+ Nxe8 30. f4 Kf7 31. Kf2 Ke6 32. Ke3 Nd6 33. g4
a5 34. b4 b6 35. Kd4 Nb7 36. Bc4+ Kd6 37. a3 c5+ 38. Ke4 axb4 39. axb4 cxb4 40.
cxb4 Nd8 41. Bd5 h6 42. h4 b5 43. Kd4 {Normal} 1-0

[Event "Rated Blitz game"]
[Site "?"]
[Date "2021.10.21"]
[Round "?"]
[White "Tigerfan"]
[Black "walodelpalo"]
[Result "1-0"]
[WhiteElo "2440"]
[BlackElo "2407"]
[PlyCount "77"]
[EventDate "2021.??.??"]
[EventType "blitz"]

1. e4 e5 2. Nf3 d5 3. exd5 Bd6 4. Nc3 Nf6 5. g3 O-O 6. Bg2 c6 7. dxc6 Nxc6 8.
d3 h6 9. O-O Re8 10. Ne4 Bf8 11. Nxf6+ Qxf6 12. Be3 Bf5 13. Nd2 Rad8 14. Qf3
Qg6 15. h3 Bc8 16. g4 f5 17. gxf5 Bxf5 18. Qg3 Qh7 19. Ne4 Re6 20. Qf3 Be7 21.
Ng3 Bg6 22. Qg4 Rf6 23. a3 h5 24. Qc4+ Kh8 25. Ne4 Rf5 26. f4 Rdf8 27. fxe5
Nxe5 28. Qe6 Nf3+ 29. Kh1 Re5 30. Qd7 Bxe4 31. dxe4 Qxe4 32. Rae1 Ref5 33. Bc1
Nxe1 34. Bxe4 Rxf1+ 35. Kh2 R8f2+ 36. Kg3 h4+ 37. Kg4 Rg1+ 38. Kh5 Rg5+ 39.
Bxg5 {Normal} 1-0

[Event "Rated Blitz game"]
[Site "?"]
[Date "2021.10.21"]
[Round "?"]
[White "NormWeinstein"]
[Black "khalid_ontawar"]
[Result "1-0"]
[WhiteElo "2544"]
[BlackElo "2505"]
[PlyCount "139"]
[EventDate "2021.??.??"]
[EventType "blitz"]

1. e4 e5 2. Nf3 d5 3. d4 dxe4 4. Nxe5 Be6 5. Be2 Nf6 6. O-O Be7 7. Nc3 O-O 8.
Bg5 Nbd7 9. Nxd7 Nxd7 10. Bxe7 Qxe7 11. Nxe4 Bxa2 12. Rxa2 Qxe4 13. Bf3 Qe6 14.
Qa1 Qb6 15. Ra3 c6 16. Rb3 Qc7 17. c4 Nb6 18. Qa5 Rfb8 19. Ra1 g6 20. g3 Kg7
21. c5 Nd5 22. Bxd5 Qxa5 23. Rxa5 cxd5 24. Rab5 b6 25. cxb6 axb6 26. Rxd5 Ra1+
27. Kg2 Rd1 28. Rd7 Rd2 29. d5 g5 30. h3 Kg6 31. g4 Re8 32. Rf3 f6 33. b3 Rd1
34. Rd6 Rf8 35. Re3 Rf7 36. Ree6 b5 37. Re3 Rd4 38. Rf3 Rd2 39. Kg3 h6 40. Rf5
Rd3+ 41. Rf3 Rd4 42. h4 gxh4+ 43. Kxh4 h5 44. Rg3 Rb4 45. Kh3 hxg4+ 46. Rxg4+
Rxg4 47. Kxg4 Re7 48. Rb6 Re4+ 49. f4 Rb4 50. d6 Kf7 51. Rb7+ Ke6 52. d7 Ke7
53. Kf5 Rxb3 54. d8=Q+ Kxd8 55. Kxf6 Rb1 56. f5 b4 57. Kf7 b3 58. f6 b2 59. Rb3
Kd7 60. Kf8 Kd8 61. f7 Kd7 62. Rd3+ Ke6 63. Re3+ Kd6 64. Rb3 Kc5 65. Rb8 Kc6
66. Rc8+ Kd7 67. Rb8 Kd6 68. Rb3 Kc7 69. Rd3 Kc6 70. Rc3+ {Time forfeit} 1-0

[Event "Rated Blitz game"]
[Site "?"]
[Date "2021.10.21"]
[Round "?"]
[White "BarryPaskarov"]
[Black "sillierchess"]
[Result "1-0"]
[WhiteElo "2419"]
[BlackElo "2449"]
[PlyCount "47"]
[EventDate "2021.??.??"]
[EventType "blitz"]

1. e4 e5 2. Nf3 d5 3. exd5 Bd6 4. d4 e4 5. Ne5 Nf6 6. c4 O-O 7. Nc3 Re8 8. Bf4
Nbd7 9. Be2 Nxe5 10. dxe5 Bxe5 11. Bxe5 Rxe5 12. Qd4 Re8 13. O-O a6 14. Rad1
Qd6 15. Rfe1 Qf4 16. Bf1 Bf5 17. Re3 Ng4 18. Rg3 h5 19. h3 Ne5 20. Re1 h4 21.
Nxe4 hxg3 22. Nf6+ gxf6 23. Qxf4 gxf2+ 24. Qxf2 {Normal} 1-0

[Event "Rated Blitz game"]
[Site "?"]
[Date "2021.10.21"]
[Round "?"]
[White "elGorditodeoro24"]
[Black "blackwolfrun"]
[Result "0-1"]
[WhiteElo "2432"]
[BlackElo "2253"]
[PlyCount "104"]
[EventDate "2021.??.??"]
[EventType "blitz"]

1. e4 e5 2. Nf3 d5 3. Nxe5 Bd6 4. d4 dxe4 5. Bd2 Bxe5 6. dxe5 Nc6 7. Nc3 Bf5 8.
g4 Bg6 9. h4 h5 10. Bb5 Nge7 11. Qe2 a6 12. Bxc6+ Nxc6 13. Nxe4 Qd4 14. Nc3
Qxe5 15. O-O-O Qxe2 16. Nxe2 O-O-O 17. Bc3 f6 18. Nf4 Be4 19. Rxd8+ Rxd8 20.
Re1 Bf3 21. Nxh5 Bxg4 22. Nxg7 Nd4 23. Bxd4 Rxd4 24. h5 Bf3 25. h6 Rh4 26. Re8+
Kd7 27. Rh8 Bg4 28. Kd2 Ke7 29. f3 Rh2+ 30. Ke3 Bd7 31. h7 Kf7 32. Nh5 Rxh5 33.
Rd8 Be8 34. Rc8 Rxh7 35. Rxc7+ Kg6 36. Rc8 Bc6 37. c4 Rh3 38. b4 Rxf3+ 39. Ke2
Ra3 40. Kd2 Rxa2+ 41. Kc3 Ra3+ 42. Kd4 Rb3 43. Kc5 f5 44. Rg8+ Kf6 45. Rg3 Rxg3
46. b5 axb5 47. cxb5 Bxb5 48. Kxb5 f4 49. Kc4 Re3 50. Kd4 Re6 51. Kc4 f3 52.
Kd4 f2 {Normal} 0-1

[Event "Rated Blitz game"]
[Site "?"]
[Date "2021.10.21"]
[Round "?"]
[White "Tsukasa1"]
[Black "khalid_ontawar"]
[Result "1-0"]
[WhiteElo "2466"]
[BlackElo "2495"]
[PlyCount "127"]
[EventDate "2021.??.??"]
[EventType "blitz"]

1. e4 e5 2. Nf3 d5 3. exd5 e4 4. Nd4 Qxd5 5. Nb3 Bd6 6. Nc3 Qe5 7. Bc4 Nf6 8.
Qe2 O-O 9. h3 Nc6 10. a3 Nd4 11. Nxd4 Qxd4 12. Bb3 Re8 13. Qe3 Qe5 14. Ne2 Bf5
15. Ng3 Bg6 16. c3 Rad8 17. Bc2 b6 18. b4 Nd5 19. Qe2 Nf4 20. Qf1 Nd3+ 21. Kd1
Nxf2+ 22. Qxf2 Qxg3 23. Qxg3 Bxg3 24. Bb3 e3 25. Bc4 exd2 26. Bxd2 Bf4 27. Ra2
Rd6 28. Rf1 Bh6 29. Kc1 Rxd2 30. Rxd2 Rd8 31. Rff2 Bxd2+ 32. Rxd2 Rxd2 33. Kxd2
Be4 34. Bf1 Kf8 35. c4 f5 36. Ke3 Ke7 37. Kd4 Kd6 38. g4 g6 39. c5+ bxc5+ 40.
bxc5+ Ke6 41. Bc4+ Kf6 42. h4 h6 43. Bb3 Bc6 44. gxf5 Kxf5 45. Bd5 Be8 46. Bf3
g5 47. hxg5 hxg5 48. Kd5 g4 49. Bg2 Kf4 50. Ke6 g3 51. Ke7 Ba4 52. Kd8 c6 53.
Kc7 Ke3 54. Kb7 a5 55. Ka6 Kf2 56. Be4 Bd1 57. Bxc6 Bf3 58. Bxf3 Kxf3 59. c6 g2
60. c7 g1=Q 61. c8=Q Qf1+ 62. Kxa5 Qa1 63. Kb6 Qb2+ 64. Kc7 {Time forfeit} 1-0

[Event "Rated Blitz game"]
[Site "?"]
[Date "2021.10.21"]
[Round "?"]
[White "da_jian_jiang"]
[Black "batasjon"]
[Result "1-0"]
[WhiteElo "2578"]
[BlackElo "2461"]
[PlyCount "109"]
[EventDate "2021.??.??"]
[EventType "blitz"]

1. e4 e5 2. Nf3 d5 3. d3 dxe4 4. dxe4 Qxd1+ 5. Kxd1 Nf6 6. Nfd2 Ng4 7. Ke2 Bc5
8. Nb3 Bb6 9. f3 Nf2 10. Rg1 Nxe4 11. Be3 Nd6 12. N1d2 Be6 13. Kf2 Nd7 14. Re1
O-O 15. Bxb6 axb6 16. a3 f6 17. Bd3 Rfe8 18. Rgf1 Bf5 19. Bxf5 Nxf5 20. c3 Nc5
21. Nxc5 bxc5 22. Ne4 b6 23. Rd1 Red8 24. g4 Ne7 25. c4 Nc6 26. Nc3 Nd4 27. Nd5
Rd7 28. Ne3 c6 29. Rd3 g6 30. Rfd1 Kf7 31. h3 Ke6 32. Nf1 Rad8 33. Ng3 f5 34.
Re1 Kf6 35. h4 b5 36. cxb5 cxb5 37. g5+ Ke6 38. Rc3 Rd5 39. Ne2 c4 40. Nf4+ Kd6
41. Nxd5 Kxd5 42. Rce3 Re8 43. Rd1 Kc5 44. Rd2 Re7 45. h5 gxh5 46. Re1 e4 47.
Red1 e3+ 48. Kg3 exd2 49. Rxd2 Ne2+ 50. Kh4 Re3 51. Kxh5 Rxf3 52. Kh6 Rh3+ 53.
Kg7 f4 54. Rxe2 Kd4 55. Rd2+ {Time forfeit} 1-0

[Event "Rated Blitz game"]
[Site "?"]
[Date "2021.10.21"]
[Round "?"]
[White "riserman"]
[Black "Junior072001"]
[Result "1-0"]
[WhiteElo "2418"]
[BlackElo "2377"]
[PlyCount "79"]
[EventDate "2021.??.??"]
[EventType "blitz"]

1. e4 e5 2. Nf3 d5 3. exd5 e4 4. Qe2 Nf6 5. Nc3 Be7 6. Nxe4 O-O 7. Nxf6+ Bxf6
8. d4 Re8 9. Be3 Qxd5 10. Qc4 Qa5+ 11. b4 Qb6 12. Qc5 Nc6 13. c3 Bg4 14. Be2 a5
15. Qxb6 cxb6 16. b5 Bxf3 17. Bxf3 Nxd4 18. cxd4 Bxd4 19. Rd1 Bxe3 20. fxe3
Rxe3+ 21. Kf2 Ra3 22. Rd2 Kf8 23. Rhd1 Rc8 24. Bxb7 Rc5 25. Bc6 g6 26. Re2 Rf5+
27. Kg1 Rf4 28. g3 Rfa4 29. Rdd2 h5 30. Rf2 Kg7 31. Rd7 Rxa2 32. Rdxf7+ Kh6 33.
Rxa2 Rxa2 34. Rb7 a4 35. Rxb6 a3 36. Ra6 Ra1+ 37. Kg2 Kg5 38. Be4 h4 39. Rxg6+
Kh5 40. g4# {Normal} 1-0

[Event "Rated Blitz tournament hIdjsE7T"]
[Site "?"]
[Date "2021.10.21"]
[Round "?"]
[White "VladimirKruglikov"]
[Black "Maltinho"]
[Result "0-1"]
[WhiteElo "2424"]
[BlackElo "2535"]
[PlyCount "74"]
[EventDate "2021.??.??"]
[EventType "blitz"]

1. e4 e5 2. Nf3 d5 3. exd5 Bd6 4. d4 e4 5. Ne5 Nf6 6. Nc3 O-O 7. Bg5 Re8 8. Nc4
Bf5 9. Be2 a6 10. Qd2 b5 11. Nxd6 Qxd6 12. Bf4 Qd7 13. a3 Nxd5 14. Nxd5 Qxd5
15. Bxc7 Nc6 16. O-O Nxd4 17. Rad1 Nxe2+ 18. Qxe2 Qc6 19. Ba5 Re6 20. Bc3 Rg6
21. Qe3 Bg4 22. Rd4 Bf3 23. g3 Qe6 24. Rfd1 h6 25. Rd8+ Kh7 26. Qe1 Rxd8 27.
Rxd8 Rg5 28. Qf1 Rh5 29. h4 Rc5 30. Kh2 Rd5 31. Ra8 g5 32. hxg5 Rxg5 33. Rh8+
Kg6 34. Rg8+ Kh7 35. Rxg5 hxg5 36. Qe1 Qh6+ 37. Kg1 Qh1# {Normal} 0-1

[Event "Rated Blitz tournament hIdjsE7T"]
[Site "?"]
[Date "2021.10.21"]
[Round "?"]
[White "Chessnerd87"]
[Black "Maltinho"]
[Result "0-1"]
[WhiteElo "2324"]
[BlackElo "2554"]
[PlyCount "108"]
[EventDate "2021.??.??"]
[EventType "blitz"]

1. e4 e5 2. Nf3 d5 3. Nc3 d4 4. Ne2 Bd6 5. Ng3 h5 6. h4 Ne7 7. Bc4 Bg4 8. d3 f6
9. c3 c5 10. Qb3 Qc7 11. Nh2 Nbc6 12. Nxg4 hxg4 13. Bf7+ Kd8 14. Qe6 Qd7 15. h5
Kc7 16. Bd2 Nd8 17. Qxd7+ Kxd7 18. Bc4 g5 19. hxg6 Rxh1+ 20. Nxh1 Nxg6 21. Ng3
Ne6 22. Bxe6+ Kxe6 23. Nf5 Rh8 24. Ke2 Ne7 25. Nxe7 Bxe7 26. cxd4 cxd4 27. Rc1
Bd6 28. g3 a6 29. a3 Kd7 30. Rc4 b5 31. Rc1 Rh2 32. Ba5 Rh8 33. Rc2 Rh1 34. Bd2
Rb1 35. Bh6 a5 36. Bc1 b4 37. axb4 axb4 38. Kd2 b3 39. Rc4 Ra1 40. Kd1 Ra7 41.
Bd2 Ra1+ 42. Ke2 Rb1 43. Bc1 Kd8 44. f3 gxf3+ 45. Kxf3 Kd7 46. Kg4 Ke6 47. Kh5
f5 48. Kg5 fxe4 49. dxe4 d3 50. Kg4 Bb4 51. Rxb4 Rxc1 52. Rxb3 d2 53. Rd3 d1=Q+
54. Rxd1 Rxd1 {Normal} 0-1

[Event "Rated Blitz tournament hIdjsE7T"]
[Site "?"]
[Date "2021.10.21"]
[Round "?"]
[White "VladimirKruglikov"]
[Black "Maltinho"]
[Result "0-1"]
[WhiteElo "2409"]
[BlackElo "2565"]
[PlyCount "112"]
[EventDate "2021.??.??"]
[EventType "blitz"]

1. e4 e5 2. Nf3 d5 3. d4 dxe4 4. Nxe5 Bd6 5. Nc3 Nf6 6. Bc4 Bxe5 7. dxe5 Qxd1+
8. Nxd1 Ng4 9. Bf4 Nc6 10. Bb5 Bd7 11. Bxc6 Bxc6 12. h3 Nh6 13. Bxh6 gxh6 14.
Ne3 O-O-O 15. Ng4 Rhg8 16. Ke2 h5 17. Nh6 Rxg2 18. Nxf7 Rf8 19. e6 Re8 20. Rhg1
Rh2 21. Rg7 Rxe6 22. Ng5 Re8 23. Ke3 h6 24. Nf7 Rxh3+ 25. Kd4 e3 26. fxe3 Rhxe3
27. Rf1 b6 28. Rf4 Re2 29. Kc3 R8e3+ 30. Kd4 Re7 31. Kc3 Kb7 32. Nd8+ Ka6 33.
Rxe7 Rxe7 34. Nxc6 Re3+ 35. Kd2 Rh3 36. Ne5 Kb7 37. Rf3 Rh2+ 38. Kc3 h4 39. Ng4
Rg2 40. Nxh6 Rg3 41. Rd3 c5 42. Nf5 Rg4 43. Rh3 Rf4 44. Nxh4 b5 45. b3 b4+ 46.
Kb2 c4 47. bxc4 Rxc4 48. Nf5 Rf4 49. Ne3 a5 50. Rh7+ Ka6 51. Nd5 Rf1 52. Nc7+
Kb6 53. Nd5+ Kb5 54. Rh5 Ka6 55. Ne3 Re1 56. Nc4 a4 {Time forfeit} 0-1

[Event "Rated Blitz game"]
[Site "?"]
[Date "2021.10.21"]
[Round "?"]
[White "Pichon69"]
[Black "batalla2"]
[Result "0-1"]
[WhiteElo "2327"]
[BlackElo "2451"]
[PlyCount "70"]
[EventDate "2021.??.??"]
[EventType "blitz"]

1. e4 e5 2. Nf3 d5 3. Nc3 d4 4. Ne2 Nc6 5. Ng3 Nf6 6. Bb5 Bd6 7. Bxc6+ bxc6 8.
d3 c5 9. O-O O-O 10. b3 Ne8 11. Qe2 f6 12. Nh4 g6 13. a4 Ng7 14. Bh6 Qe7 15.
Kh1 Rf7 16. f4 exf4 17. Bxf4 Bxf4 18. Rxf4 g5 19. Nhf5 Nxf5 20. Nxf5 Bxf5 21.
Rxf5 Raf8 22. Raf1 Kg7 23. Qh5 h6 24. Qg4 Kg6 25. Rd5 c6 26. Qf5+ Kg7 27. Rxc5
Qd6 28. h4 Qg3 29. hxg5 hxg5 30. Rf3 Rh8+ 31. Kg1 Qe1+ 32. Rf1 Qg3 33. Rxc6 Rh2
34. Qf3 Qh4 35. Rxf6 Rh1# {Normal} 0-1

[Event "Rated Blitz game"]
[Site "?"]
[Date "2021.10.21"]
[Round "?"]
[White "semi-decent"]
[Black "RCompany_1"]
[Result "1-0"]
[WhiteElo "2631"]
[BlackElo "2435"]
[PlyCount "103"]
[EventDate "2021.??.??"]
[EventType "blitz"]

1. e4 e5 2. Nf3 d5 3. exd5 e4 4. Qe2 Nf6 5. d3 Qxd5 6. Nc3 Bb4 7. Bd2 Bxc3 8.
Bxc3 O-O 9. dxe4 Nxe4 10. Rd1 Qf5 11. Nd4 Qg6 12. Qf3 Nxc3 13. bxc3 Bg4 14.
Qxb7 c5 15. Bd3 Re8+ 16. Kf1 Qf6 17. f3 cxd4 18. Qxa8 dxc3 19. Re1 Rd8 20. Qe4
Be6 21. Qxh7+ Kf8 22. Kf2 Nc6 23. Re4 Ne5 24. Rb1 Nxd3+ 25. cxd3 c2 26. Rc1 Qb2
27. Qh8+ Ke7 28. Qh4+ f6 29. Qf4 Rxd3 30. Qc7+ Rd7 31. Qc5+ Kf7 32. Rxc2 Rd2+
33. Rxd2 Qxd2+ 34. Re2 Qd7 35. h4 g6 36. h5 g5 37. Qc3 Qd6 38. Rc2 Qb6+ 39. Qc5
Kg7 40. Qxb6 axb6 41. Rb2 Kh6 42. g4 Bxa2 43. Rxa2 b5 44. Rb2 f5 45. Kg3 f4+
46. Kf2 Kg7 47. Rxb5 Kf6 48. Rf5+ Ke6 49. Rxg5 Kd6 50. Rf5 Kc6 51. Rxf4 Kb6 52.
Re4 {Time forfeit} 1-0

[Event "Rated Blitz game"]
[Site "?"]
[Date "2021.10.21"]
[Round "?"]
[White "Topacchi8la"]
[Black "batasjon"]
[Result "0-1"]
[WhiteElo "2447"]
[BlackElo "2474"]
[PlyCount "38"]
[EventDate "2021.??.??"]
[EventType "blitz"]

1. e4 e5 2. Nf3 d5 3. d4 dxe4 4. Nxe5 Bd6 5. Nc4 Nf6 6. Nxd6+ Qxd6 7. c4 O-O 8.
h3 Nc6 9. Nc3 Nxd4 10. Be3 c5 11. Qd2 a6 12. O-O-O Rd8 13. Kb1 Bf5 14. g4 Bg6
15. Bg2 h6 16. Ka1 Qe6 17. Bf1 b5 18. cxb5 axb5 19. Kb1 b4 {Normal} 0-1

[Event "Rated Blitz tournament m7Qdfnmu"]
[Site "?"]
[Date "2021.10.21"]
[Round "?"]
[White "Genius_of_the_game"]
[Black "Hombergpatzer"]
[Result "1-0"]
[WhiteElo "2449"]
[BlackElo "2315"]
[PlyCount "81"]
[EventDate "2021.??.??"]
[EventType "blitz"]

1. e4 e5 2. Nf3 d5 3. exd5 Bd6 4. d4 e4 5. Nfd2 Nf6 6. c4 c6 7. c5 Bf4 8. d6
O-O 9. Nc3 b6 10. Be2 Na6 11. Ndxe4 Nxe4 12. Nxe4 Re8 13. Bxf4 Rxe4 14. Be3
bxc5 15. dxc5 Rxe3 16. fxe3 Qh4+ 17. g3 Qe4 18. Kf2 Nxc5 19. Qd4 Qxd4 20. exd4
Nb7 21. Rac1 Nxd6 22. Rxc6 Bb7 23. Rxd6 Bxh1 24. Bc4 Rc8 25. b3 Be4 26. Rd7 Bg6
27. Rxa7 Rd8 28. d5 Be4 29. d6 Bg6 30. d7 Kf8 31. Rc7 Ke7 32. Bb5 Kd6 33. Rc8
Ke7 34. g4 f5 35. h3 fxg4 36. hxg4 h5 37. Kg3 hxg4 38. Kxg4 Bf7 39. Kg5 Be6 40.
Rxd8 Kxd8 41. Kg6 {Normal} 1-0

[Event "Rated Blitz game"]
[Site "?"]
[Date "2021.10.21"]
[Round "?"]
[White "Slimslik02"]
[Black "batasjon"]
[Result "0-1"]
[WhiteElo "2425"]
[BlackElo "2469"]
[PlyCount "106"]
[EventDate "2021.??.??"]
[EventType "blitz"]

1. e4 e5 2. Nf3 d5 3. d4 dxe4 4. Nxe5 Bd6 5. Bc4 Bxe5 6. dxe5 Qxd1+ 7. Kxd1 Nc6
8. Bf4 Nge7 9. Bg3 h5 10. Re1 h4 11. Bf4 Ng6 12. g3 Bg4+ 13. Kc1 O-O 14. Nc3
Ngxe5 15. Bxe5 Nxe5 16. Rxe4 Nxc4 17. Rxg4 Rfe8 18. b3 Re1+ 19. Nd1 Rd8 20.
Rxc4 Rdxd1+ 21. Kb2 Rxa1 22. Rxc7 Reb1+ 23. Kc3 Rxa2 24. gxh4 b5 25. Rc5 Rbb2
26. Kd2 b4 27. h5 Kh7 28. Kd3 a5 29. h4 Kh6 30. f4 f6 31. Rc8 Kxh5 32. Rh8+ Kg6
33. Rc8 Kf5 34. Rc7 g6 35. Rc6 Rxc2 36. Rxc2 Rxc2 37. Kxc2 Kxf4 38. Kd3 Kg4 39.
Kc4 f5 40. Kb5 f4 41. Kxa5 f3 42. Kxb4 f2 43. Kc4 f1=Q+ 44. Kc5 Qc1+ 45. Kb5
Kxh4 46. b4 g5 47. Ka6 g4 48. b5 Qc4 49. Ka5 g3 50. b6 g2 51. b7 Qb3 52. Ka6
g1=Q 53. b8=Q Qa1# {Normal} 0-1

[Event "Rated Blitz game"]
[Site "?"]
[Date "2021.10.21"]
[Round "?"]
[White "jdpwb"]
[Black "RCompany_1"]
[Result "0-1"]
[WhiteElo "2438"]
[BlackElo "2413"]
[PlyCount "36"]
[EventDate "2021.??.??"]
[EventType "blitz"]

1. e4 e5 2. Nf3 d5 3. exd5 e4 4. Ne5 Qxd5 5. d4 exd3 6. Nxd3 Nc6 7. Nc3 Qa5 8.
Be2 Bf5 9. O-O O-O-O 10. Bg4 Nf6 11. Bxf5+ Qxf5 12. Qf3 Qxf3 13. gxf3 Nd4 14.
Ne5 Re8 15. Nxf7 Rg8 16. Bf4 Bb4 17. Rfd1 Bxc3 18. bxc3 Ne2+ {Normal} 0-1